1903 1211 1303 1581 1570 1887 1026 1281 1329 1042 1097 1740 1884 1451 1999 1282 1217 1041 1948 1933 1429 1642 1775 1298 1734 1533 1702 1269 1771 1440 1113 1669 1215 1852 1333 1680 1604 1216 1244 1483 1856 1810 1288 1142 1800 1827 1305 1243 1206 1683 1880 1301 1685 1862 1032 1908 1359 1446 1796 1706 1171 1509 1028 1997 1848 1774 1042 1210 1592 1657 1416 1514 1280 1422 1549 1673 1660 1197 1935 1923 1874 1510 1770 1644 1792 1987 1865 1983 1460 1221 1532 1731 1075 1881 1122 1793 1499 1913 1022 BCNSPRNW ULIB Ver.6.0+V

เปลี่ยนเป็นภาษาไทย

Change to English
 แสดงรายละเอียดบรรณานุกรม
  กลับหน้าหลัก

Brief Record : Get Marc (ISO 2709) : E-mail record : QR code < ปิดหน้าต่าง
LEADER : 00000nam 2200000uu 4500
001    13399112868
003     ULIB
008    110914s2554||||th 000 0 tha d
020    9786165001014
090    นว.^bณ429จ 2554
100 0  ณารา
245 00 เจ้านาง/^cณารา
250    พิมพ์ครั้งที่ 4
260    กรุงเทพฯ :^bพิมพ์คำ,^c2554
300    532 หน้า
945    ^p230^l0^i030501
995    เกษร
999 ^a ใช้งานได้ทุกระบบ
รายการนี้ยังไม่มีแท็ก
คุณยังไม่ได้ล็อกอิน คุณสามารถมีกิจกรรมร่วมกับเว็บไซต์ได้ แต่ต้องล็อกอินก่อน ::
  ล็อกอิน

รายการสื่อสารสนเทศ

ลำดับที่ ประเภท เลขเรียก/บาร์โค้ด สถานที่ สถานะ
1. นวนิยาย
นวนิยาย
นว. ณ429จ 2554  
  Barcode: 030501
ห้องสมุดวิทยาเขตสวรรค์ประชารักษ์
►นวนิยาย
บนชั้น
  ขอยืม

รายการใกล้เคียง
    ผู้แต่ง [ณารา]

BibComment


ยังไม่เคยถูกคอมเมนท์

คอมเมนท์ทรัพยากรรายการนี้
  คอมเมนท์: เจ้านาง ณารา


 Copyright 2026. Bcnsprnw @Library